Normal view
MARC view
- Riches, John,
Entry Personal Name
001 - CONTROL NUMBER
- control field: 39730
003 - CONTROL NUMBER IDENTIFIER
- control field: OSt
005 - DATE AND TIME OF LATEST TRANSACTION
- control field: 20160403113649.0
008 - FIXED-LENGTH DATA ELEMENTS
- fixed length control field: 160403|| aca||aabn | a|a d
040 ## - CATALOGING SOURCE
- Original cataloging agency: OSt
100 1# - HEADING--PERSONAL NAME
- Personal name: Riches, John,
- Dates associated with a name: 1939-
400 1# - SEE FROM TRACING--PERSONAL NAME
- Personal name: Riches, John Kenneth
400 1# - SEE FROM TRACING--PERSONAL NAME
- Personal name: Riches, J. K.
- Fuller form of name: (John Kenneth),
- Dates associated with a name: 1939-